000 00751nam a2200229 4500
003 OSt
005 20260422053627.0
006 a
008 240613b |||||||| |||| 00| 0 eng d
020 _a9781133959885
040 _aDWCL-Main lib.
_cOC
082 _2Fourteenth edition, Int'l edition
_aCirc. 301 A627 2014
100 _aWilliam Haviland
245 _aAnthropology : the human challenge /
250 _aFourteenth edition, Int'l edition
260 _aAustralia :
_bWadsworth/Cengage Learning,
_cc2014.
300 _axliii,
_b731 p. : col. ill. ;
_c28 cm.
504 _aIncludes bibliographical references.
650 _a1. Anthropology.
700 _aWilliam Haviland
942 _2ddc
_n0
_cBK-CIRC
_eFourteenth edition, Int'l edition
_kCirc.
999 _c644
_d644